000 00189nam a2200085Ia 4500
008 250605s9999 xx 000 0 und d
041 _aeng
100 _aAnimesh Sharma
245 _aKonsole Group
999 _c45014
_d45014